Ricostruisci la Carriera del Calciatore - Krzysztof Piątek - Statistics

Statistiche generali
  • Questo quiz è stato fatto 13 volte
  • Il punteggio medio è 5 su 9
Statistiche sulle risposte
Hint Risposta % Corretto
2016-2018 KS Cracovia
70%
2012-2013 Lechia Dzierżoniów
60%
2022-2023 Salernitana
60%
2013-2016 Zagłębie Lubin
60%
2022 Fiorentina
50%
2020-2022 Hertha Berlino
50%
2018-2019 Genoa
40%
2023- İstanbul Başakşehir
40%
2019-2020 Milan
40%
Nessun quiz corrispondente trovato
Distribuzione punteggi
Percentuale di utenti per punteggio
Percentile per numero di risposta
I tuoi punteggi nel tempo
Non hai fatto questo quiz